Exodus : (Registro nro. 21530)

Detalles MARC
000 -LEADER
campo de control de longitud fija 01706cam a22003854i 4500
003 - IDENTIFICADOR DE NÚMERO DE CONTROL
campo de control PE-LiUPU
005 - FECHA Y HORA DE LA ÚLTIMA TRANSACCIÓN
campo de control 20250811092330.0
008 - DATOS DE LONGITUD FIJA--INFORMACIÓN GENERAL
campo de control de longitud fija 1997us 000 0 eng d
020 ## - NÚMERO INTERNACIONAL ESTÁNDAR DEL LIBRO
Número Internacional Estándar del Libro 1575060256
035 ## - NÚMERO DE CONTROL DEL SISTEMA
Número de control de sistema PE-LiUPU44669
040 ## - FUENTE DE CATALOGACIÓN
Centro catalogador/agencia de origen PE-LiUPU
Lengua de catalogación eng
Centro/agencia transcriptor PE-LiUPU
Normas de descripción rda
082 04 - NÚMERO DE LA CLASIFICACIÓN DECIMAL DEWEY
Número de clasificación 222.12
Cutter F882e
Número de edición 23
100 ## - ENTRADA PRINCIPAL--NOMBRE DE PERSONA
Nombre de persona Frerichs, Ernest S.,
Término indicativo de función/relación editor.
9 (RLIN) 6444
245 10 - MENCIÓN DEL TÍTULO
Título Exodus :
Resto del título the Egyptian evidence /
Mención de responsabilidad, etc. editado por Ernest S. Frerichs y Leonard H. Lesko.
264 #1 - PRODUCCIÓN, PUBLICACIÓN, DISTRIBUCIÓN, FABRICACIÓN Y COPYRIGHT
Producción, publicación, distribución, fabricación y copyright Winona Lake, Indiana :
Nombre del de productor, editor, distribuidor, fabricante Eisenbrauns,
Fecha de producción, publicación, distribución, fabricación o copyright 1997.
300 ## - DESCRIPCIÓN FÍSICA
Extensión 112 páginas :
Otras características físicas ilustraciones, mapas ;
Dimensiones 24 cm
336 ## - TIPO DE CONTENIDO
Término de tipo de contenido text
Fuente rdacontent
337 ## - TIPO DE MEDIO
Nombre/término del tipo de medio unmediated
Fuente rdamedia
338 ## - TIPO DE SOPORTE
Nombre/término del tipo de soporte volume
Fuente rdacarrier
490 0# - MENCIÓN DE SERIE
Mención de serie Brown Judaic studies ;
Designación de volumen o secuencia AE 97
500 ## - NOTA GENERAL
Nota general Papers presented at a conference held at Brown University in 1992.
504 ## - NOTA DE BIBLIOGRAFÍA, ETC.
Nota de bibliografía, etc. Incluye referencias bibliográficas.
505 0# - NOTA DE CONTENIDO CON FORMATO
Nota de contenido con formato Introduction -- The Exodus: Egyptian analogies -- Merenptah's Canaanite campaign and Israel's origins -- Observations on the sojourn of the Bene-Israel -- Is there any archaeological evidence for the Exodus? -- Exodus and archaeological reality -- Summary and conclusions.
700 ## - ENTRADA AGREGADA--NOMBRE PERSONAL
Nombre de persona Lesko, Leonard H.,
Término indicativo de función/relación editor.
9 (RLIN) 6445
700 ## - ENTRADA AGREGADA--NOMBRE PERSONAL
Nombre de persona Malamat, Abraham,
Término indicativo de función/relación contributor.
9 (RLIN) 6446
700 ## - ENTRADA AGREGADA--NOMBRE PERSONAL
Nombre de persona Yurco, Frank J.,
Término indicativo de función/relación contributor.
9 (RLIN) 6447
700 ## - ENTRADA AGREGADA--NOMBRE PERSONAL
Nombre de persona Redford, Donald B.,
Término indicativo de función/relación contributor.
9 (RLIN) 6448
700 ## - ENTRADA AGREGADA--NOMBRE PERSONAL
Nombre de persona Dever, William G.,
Término indicativo de función/relación contributor.
9 (RLIN) 6449
700 ## - ENTRADA AGREGADA--NOMBRE PERSONAL
Nombre de persona Weinstein, James M.,
Término indicativo de función/relación contributor.
9 (RLIN) 6450
700 ## - ENTRADA AGREGADA--NOMBRE PERSONAL
Nombre de persona Ward, William A.,
Término indicativo de función/relación contributor.
9 (RLIN) 6451
710 ## - ENTRADA AGREGADA--NOMBRE DE ENTIDAD CORPORATIVA
Nombre de entidad corporativa o nombre de jurisdicción como elemento de entrada Brown University.
Unidad subordinada Department of Religious Studies, organizer.
Término indicativo de función/relación editor.
9 (RLIN) 6452
942 ## - ELEMENTOS DE ENTRADA SECUNDARIOS (KOHA)
Fuente del sistema de clasificación o colocación Clasificación Decimal Dewey
Tipo de ítem Koha Libros físicos
980 ## - EQUIVALENCIA O REFERENCIA-CRUZADA-MENCIÓN DE SERIE--NOMBRE DE PERSONA/TÍTULO [LOCAL, CANADÁ]
ID del último usuario que modificó el registro 18226
Nombre del último usuario que modificó el registro Jaime Vilcazán Jefe de Análisis Documental
Existencias
Visto por última vez Número de inventario Total de préstamos Signatura topográfica completa Código de barras Fecha del último préstamo Copia número Fecha de reemplazo Facultad Tipo de ítem Koha Nota pública Estado de pérdida Fuente del sistema de clasificación o colocación Restricciones de uso No para préstamo Colección Programa académico Biblioteca de origen Biblioteca actual Ubicación en estantería Fecha de adquisición Fuente de adquisición
2025-12-02 6 2 222.12 F882e 44669 2024-06-13 e1 2015-06-24 Teología Libros físicos inventario-2023-12-13 No Perdido Clasificación Decimal Dewey No restringido Disponible para préstamos Colección General Teología Biblioteca CRAI UPeU Lima Biblioteca CRAI UPeU Lima Sala principal 2015-06-24 COMPRA